| 000 | 00667nam a22002057a 4500 | ||
|---|---|---|---|
| 003 | OSt | ||
| 005 | 20140310182310.0 | ||
| 008 | 130918t xxu||||| |||| 00| 0 eng d | ||
| 050 |
_aLB 1573 _b.F716u3g5 2011 |
||
| 082 |
_aTR 372.4 _bF716m531 2011 |
||
| 082 |
_aTR 372.4 _bF716m532 2011 |
||
| 100 |
_aForesman, Scott _92517 |
||
| 245 |
_aReading Street Grade 5 : _bUnit 3 / _cScott Foresman; program authors, Peter Afflerbach ... [et al.]. |
||
| 300 |
_a2 vol. ; _bill. col. ; _c31 cm. |
||
| 650 |
_aReading _xStudy and Teaching _920858 |
||
| 650 |
_aReading (Elementary) _xHandbooks, manuals, etc _920859 |
||
| 942 |
_2lcc _cBK-TR |
||
| 999 |
_c11661 _d11661 |
||